| 000 | 00764nam a2200265 a 4500 | ||
|---|---|---|---|
| 001 | 72514 | ||
| 003 | BD-RjUL | ||
| 005 | 20211209082254.0 | ||
| 008 | 170520s2006 nyua b 001 0 eng d | ||
| 020 | _a9780471725978 | ||
| 020 | _a0471725978 | ||
| 035 | _a(BD-RjUL)72732 | ||
| 040 |
_aDLC _cDLC _dBD-RjUL _beng |
||
| 041 | _aeng | ||
| 082 | 0 | 0 |
_a576.5 _223 _bSNP 2006 |
| 100 | 1 | 0 |
_aSnustad, D. Peter _9205593 |
| 245 | 1 | 0 |
_aPrinciples of genetics / _cD. Peter Snustad, Michael J. Simmons |
| 250 | _a4th ed. | ||
| 260 |
_aNew York : _bJ. Wiley & Sons, _cc2006. |
||
| 300 |
_axx, 792 p. : _bill. ; _c29 cm. |
||
| 504 | _aIncludes bibliographical references and index. | ||
| 650 | 0 |
_aGenetics. _936068 |
|
| 700 | 1 |
_aSimmons, Michael J. _936070 |
|
| 942 |
_2ddc _cBK |
||
| 999 |
_c72514 _d72514 |
||